000 00330nam a22001457a 4500
008 221115b ||||| |||| 00| 0 eng d
020 _a9780803603639
041 _aeng
080 _2third editon
_a610.73
082 _a610.73 CAV
100 _a8
101 _aINF
245 _aNURSES MANUAL
_cCAVABAUGH M.B
942 _2udc
_cBK
999 _c58903
_d58903